WW2 German Tank Quiz - Statistics

General Stats
  • This quiz has been taken 440 times
  • The average score is 18 of 43
Answer Stats
Type Answer % Correct
Schwerer PzKpfw Tiger
94%
Mittlerer PzKpfw Panther
83%
Überschwerer PzKpfw Maus
74%
Leichter PzKpfw Panzer I
70%
Leichter PzKpfw Panzer II
68%
Mittlerer PzKpfw Panzer III
68%
Mittlerer PzKpfw Panzer IV
66%
Schwerer PzKpfw Tiger II
63%
Jagdpanzer Jagdtiger
62%
Jagdpanzer Jagdpanther
61%
Sturmgeschütz Stug III
57%
Sturmpanzer Sturmtiger
55%
Jagdpanzer Hetzer
51%
Flakpanzer Ostwind
51%
Sturmgeschütz Stug IV
50%
Panzerjäger/ Selbstfahrlafette Marder I
47%
Panzerjäger/ Selbstfahrlafette Marder II
47%
Panzerjäger/ Selbstfahrlafette Marder III
47%
Panzerjäger/ Selbstfahrlafette Nashorn
47%
Mittlerer PzKpfw Panzer 38 t
45%
Flakpanzer Wirbelwind
44%
Jagdpanzer Jagdpanzer IV
42%
Panzerhaubitze Hummel
41%
Mittlerer PzKpfw Panzer 35 t
40%
Panzerartillerie Wespe
39%
Jagdpanzer Ferdinand
37%
Sturmpanzer Brumbar
34%
Panzerjäger/ Selbstfahrlafette Dicker Max
32%
Panzerjäger/Selbstfahrlafette Panzerjager I
32%
Schwerer PzKpfw E-100
31%
Panzerjäger/ Selbstfahrlafette Sturer Emil
31%
Panzerhaubitze Grille
28%
Artillerie/Selbstfahrlafette Sturmpanzer I
27%
Flakpanzer Kugelblitz
25%
Sturmpanzer Sturmpanzer II
23%
Sturmgeschütz Stuh 42
22%
Flakpanzer Flakpanzer V
15%
Schwerer PzKpfw Neubaufahrzeug
14%
Flak/Selbstfahrlafette Flakpanzer 38 t
13%
Flakpanzer Mobelwagen
11%
Flakpanzer Zerstorer
11%
Panzerhaubitze Heuschrecke
9%
Sturmpanzer Sig 33
7%
No matching quizzes found
Score Distribution
Percent of People with Each Score
Percentile by Number Answered
Your Score History
You have not taken this quiz